Wisselreg en Tjekreg / (Record no. 67)

MARC details
000 -LEADER
fixed length control field 00549nam a22001697a 4500
005 - DATE AND TIME OF INPUT
control field 20240108134430.0
008 - DATA ELEMENTS--GENERAL INFORMATION
fixed length control field 231026b |||||||| |||| 00| 0 eng d
020 ## - INTERNATIONAL STANDARD BOOK NUMBER
International Standard Book Number 0409040754 ; 04090407602
041 ## - LANGUAGE CODE
Language code of text Afrikaans
082 ## - SHELF NUMBER
DDC number 346.7 MAL
100 ## - MAIN AUTHOR
Main author's name Malan, FR in medewerking met de Beer CR
Language of a work Afrikaans
245 ## - TITLE STATEMENT
Title Wisselreg en Tjekreg /
Statement of responsibility, etc. FR Malan in medewerking met CR de Beer
260 ## - PUBLICATION, DISTRIBUTION, ETC.
Place of publication, distribution, etc. Durban :
Name of publisher, distributor, etc. Butterworths,
Date of publication, distribution, etc. 1981
300 ## - PHYSICAL DESCRIPTION
Other physical details xiv, 490 pages ;
Dimensions 25,5 cm.
650 ## - SUBJECT`
Broad subject Legal practice
Own subject terms Law
942 ## - ADDED ENTRY ELEMENTS (KOHA)
Item type Books
942 ## - ADDED ENTRY ELEMENTS (KOHA)
-- ALISON_BN_VRIES
Holdings
Source of classification or shelving scheme Not for loan Collection code Home library Current library Shelving location Date acquired Full call number Barcode Price effective from Koha item type
Dewey Decimal Classification   TEXT BOOKS LAW SOCIETY OF NAMIBIA LIBRARY - WINDHOEK LAW SOCIETY OF NAMIBIA LIBRARY - WINDHOEK Civil Procedure and Court 10/26/2023 346.7 MAL LSN/1986/107 10/26/2023 Books